| 000 | 01804nam a22001937a 4500 | ||
|---|---|---|---|
| 999 |
_c5828 _d5828 |
||
| 003 | GBCCL | ||
| 005 | 20241126110550.0 | ||
| 008 | 180409b ||||| |||| 00| 0 eng d | ||
| 040 | _cGBC | ||
| 082 |
_a262.26 _bLAR |
||
| 100 |
_aLarson, Bruce _95516 |
||
| 245 |
_aGroups that work; _bthe missing ingredient. _cBruce Larson [and others] |
||
| 260 |
_aGrand Rapids, _b Zondervan Pub. House _c1967 |
||
| 300 |
_a142 pages _c 21 cm |
||
| 500 | _a"The chapters ... originally appeared in Faith at work magazine or the Faith at work edition of Groups that work, c1964." | ||
| 505 | _aFinding a handle / Irving Harris -- Behind our masks / Keith Miller -- Honesty is the only policy / Bruce Larson -- A Christian program / Sam Shoemaker -- Barriers of friendship / Walden Howard -- Renewal through crisis / W. Randolph Thornton -- Breaking the sound barrier / Rosalind Rinker -- Letting god speak / Lionel A. Whiston -- The church alive / Howard Keeley -- Inward journey / N. Gordon Cosby -- How the lead a group -- New life-new mission / Robert A. Raines -- Get changed; get together; get going! / Donald I. James -- A ministry at the crossroads / Ralston C. Young -- From gangs to groups / Bill Milliken -- No place like home / Bill Lamb -- First there were eight / John Dutton -- No lonely pilgrimage / Howard B. Haines -- Between meetings-the acid test / Bruce Larson -- How to talk about your troubles / O. Hobart Mowrer -- Brothers in dialogue-part I / Hugh Southworth -- Brothers in dialogue-part II / Garth Stanton -- How to begin again / Walden Howard -- When teenagers changed a church / Harold R. Martin -- God wants us together / Annette Sackrison -- One church finds renewal / David C. Searfoss -- The new evangelism / Roger Fredrikson. | ||
| 650 |
_aChurch group work. _9940 |
||
| 942 |
_2ddc _cBK _01 |
||